00482nam a2200181Ia 4500003000500000008004100005020001800046040001900064082000700083100001700090245008300107246003300190250000600223260003900229300001000268365000800278546001400286STCL230726s9999 xx 000 0 und d a9789355491619 aSTCLcSTCLbEN 222 aBaiju N Nair 0aലണ്ടനിലേക്ക് ഒരു റോഡ് യാത്ര aLondonilekku oru road yathra a5 bMathrubhumi BooksaKozhikodec2021 a352 p b420 aMalayalam